Phobias A to Z part 1 - Statistics

General Stats
  • This quiz has been taken 24 times
  • The average score is 5 of 15
Answer Stats
The 'phobia' Fear of... (initial letter given) First letter % Correct
Botanophobia Plants P
86%
Hemophobia Blood B
81%
Octophobia Eight E
71%
Francophobia France F
67%
Noctiphobia Night N
67%
Algophobia Pain P
19%
Anginophobia Choking C
14%
Cacophobia Ugliness U
14%
Dystychiphobia Accidents A
10%
Gamophobia Marriage M
10%
Lockiophobia Childbirth C (hard one)
5%
Mageirocophobia Cooking C
5%
Achluophobia Darkness D
5%
Iatrophobia Doctors D
5%
Ecophobia Home H
5%
No matching quizzes found
Score Distribution
Percent of People with Each Score
Percentile by Number Answered
Your Score History
You have not taken this quiz